| 000 | 01335nam a2200349Ia 4500 | ||
|---|---|---|---|
| 001 | ebr10054566 | ||
| 003 | CaPaEBR | ||
| 006 | m u | ||
| 007 | cr cn||||||||| | ||
| 008 | 990524s1999 enk sb 001 0 eng d | ||
| 015 | _aGB99-Z0766 | ||
| 020 | _z0203495438 | ||
| 020 | _z1841420549 | ||
| 020 | _z1841420530 | ||
| 040 |
_aCaPaEBR _cCaPaEBR |
||
| 035 | _a(OCoLC)560044731 | ||
| 050 | 1 | 4 |
_aHC340.12 _bH43 1999eb |
| 082 | 0 | 4 |
_a330.947086 _221 |
| 100 | 1 |
_aHedlund, Stefan, _d1953- |
|
| 245 | 1 | 0 |
_aRussia's market economy _h[electronic resource] : _ba bad case of predatory capitalism / _cStefan Hedlund. |
| 260 |
_aLondon : _bUCL, _c1999. |
||
| 300 | _aix, 390 p. | ||
| 504 | _aIncludes bibliographical references and index. | ||
| 533 |
_aElectronic reproduction. _bPalo Alto, Calif. : _cebrary, _d2006. _nAvailable via World Wide Web. _nAccess may be limited to ebrary affiliated libraries. |
||
| 650 | 0 |
_aCapitalism _zRussia (Federation) |
|
| 650 | 0 |
_aPrivatization _zRussia (Federation) |
|
| 651 | 0 |
_aRussia (Federation) _xEconomic policy _y1991- |
|
| 651 | 0 |
_aRussia (Federation) _xEconomic conditions _y1991- |
|
| 655 | 7 |
_aElectronic books. _2local |
|
| 710 | 2 | _aebrary, Inc. | |
| 856 | 4 | 0 |
_uhttp://site.ebrary.com/lib/rucke/Doc?id=10054566 _zAn electronic book accessible through the World Wide Web; click to view |
| 999 |
_c64677 _d64677 |
||